Normal view MARC view
  • Genevieve Balnce-Kupang, PhD

Entry Personal Name

Number of records used in: 1

001 - CONTROL NUMBER

  • control field: 131729

003 - CONTROL NUMBER IDENTIFIER

  • control field: OSt

005 - DATE AND TIME OF LATEST TRANSACTION

  • control field: 20260506155541.0

008 - FIXED-LENGTH DATA ELEMENTS

  • fixed length control field: 260506|| aca||aabn | a|a d

040 ## - CATALOGING SOURCE

  • Original cataloging agency: OSt
  • Transcribing agency: OSt

100 ## - HEADING--PERSONAL NAME

  • Personal name: Genevieve Balnce-Kupang, PhD

670 ## - SOURCE DATA FOUND

  • Source citation: Work cat.: (OSt)94125: Conrad, Victoria D. 131728, Religions, religious experiences and spirituality :, c2024.